| 000 | 00479nam a22001457a 4500 | ||
|---|---|---|---|
| 003 | SGT | ||
| 020 | _a9788190623742 | ||
| 082 |
_a320 _bL08D |
||
| 100 | _aधर्माधिकारी, चंद्रशेखर | ||
| 245 | _aलोकतंत्र, न्याय एवं राहो के अन्वेषी | ||
| 260 |
_bसर्व सेवा संघ- प्रकाशन _c2008 |
||
| 300 | _a372 | ||
| 650 | _aPOLITICAL SCIENCE | ||
| 942 |
_2ddc _cBK |
||
| 999 |
_c27353 _d27353 |
||